Radiografía crítica al "modelo chileno" : balance y propuestas /

La noción de “modelo chileno” se acuño durante la dictadura de Augusto Pinochet para dar cuenta de las tempranas reformas neoliberales que experimento el Apis. Pero la expresión no ha caído en desuso. Todo lo contario. El desdibujamiento del “contra modelo” elaborado por las fuerzas democracias ante...

Full description

Bibliographic Details
Other Authors: Martner, Gonzalo D. (ed.), Rivera, Eugenio (ed.)
Format: Libro
Language:Spanish
Published: Santiago, Chile LOM 2013
Subjects:
Online Access:

MARC

LEADER 00000cam a2200000 a 4500
001 008973
003 UAHC_CL
005 20170803120524.0
008 131219s2013 cl 000 spa
020 |a 9789560004420 
040 |a UAHC_CL  |c UAHC_CL  |d UAHC_CL 
082 0 4 |a 330.9  |b R129  |2 21 
245 1 0 |a Radiografía crítica al "modelo chileno" :  |b balance y propuestas /  |c Gonzalo Martner Fanta, Eugenio Andrés Rivera Urrutia, editores. 
260 |b LOM  |a Santiago, Chile  |c 2013 
300 |a 514 p. 
520 |a La noción de “modelo chileno” se acuño durante la dictadura de Augusto Pinochet para dar cuenta de las tempranas reformas neoliberales que experimento el Apis. Pero la expresión no ha caído en desuso. Todo lo contario. El desdibujamiento del “contra modelo” elaborado por las fuerzas democracias antes de 1990 y bautizado “modelo de crecimiento con equidad” podría explicar este hecho. 
650 4 |a DESARROLLO ECONOMICO  |z CHILE 
651 4 |a CHILE  |x POLITICA SOCIAL 
651 4 |a CHILE  |x POLITICA ECONOMICA 
651 4 |a CHILE  |x CONDICIONES ECONOMICAS 
653 |a CIENCIAS POLITICAS 
700 1 |a Martner, Gonzalo D.  |e ed. 
700 1 |a Rivera, Eugenio  |e ed. 
900 |a 330.9 RAD 
942 |c BK 
952 |0 0  |1 0  |4 0  |6 330_900000000000000_RAD  |7 0  |8 General  |9 18975  |a BC  |b BC  |c General  |d 2017-08-03  |l 0  |o 330.9 RAD  |p 1411401  |r 2026-01-13 00:00:00  |t 1  |w 2017-08-03  |y BK 
952 |0 0  |1 0  |4 0  |6 330_900000000000000_RAD  |7 0  |8 General  |9 18976  |a BC  |b BC  |c General  |d 2017-08-03  |l 0  |o 330.9 RAD  |p 1411402  |r 2026-01-13 00:00:00  |t 2  |w 2017-08-03  |y BK 
999 |c 8973  |d 8973